[Event "AUTO-MASTER-3047"]
[Site "http://www.queenalice.com/game.php?id=1760927"]
[Date "2021.5.29"]
[Round "1"]
[White "Diadoco"]
[Black "Artking"]
[Result "1-0"]
[WhiteElo "2282"]
[BlackElo "1968"]

1. e4 d5 2. exd5 Qxd5 3. Nc3 Qa5 4. Bc4 Nf6 5. d3 c6 6. Bd2 Qc7 7. Qe2 Bf5 8. h3
e6 9. g4 Bg6 10. f4 Nbd7 11. f5 b5 12. Bb3 Qg3+ 13. Kd1 O-O-O 14. fxg6 Nc5 15.
gxf7 b4 16. Na4 Nxb3 17. axb3 Qd6 18. Nf3 Nd5 19. Re1 Be7 20. Qxe6+ Kc7 21.
Qxd6+ Kxd6 22. c4 bxc3 23. bxc3 Bf6 24. d4 Rhf8 25. c4 Nc7 26. Bb4+ 1-0

[Event "AUTO-ELITE-2353"]
[Site "http://www.queenalice.com/game.php?id=1766789"]
[Date "2021.8.12"]
[Round "1"]
[White "pony"]
[Black "Diadoco"]
[Result "1-0"]
[WhiteElo "2364"]
[BlackElo "2302"]

1. d4 d5 2. Nf3 Nf6 3. Bf4 c5 4. e3 Nc6 5. Nbd2 Qb6 6. dxc5 Qxb2 7. Rb1 Qa3 8.
Bb5 Qxc5 9. c4 dxc4 10. Nxc4 Bf5 11. Bxc6+ bxc6 12. Rc1 Qb4+ 13. Qd2 Qxd2+ 14.
Nfxd2 g6 15. f3 Bg7 16. e4 Bd7 17. Na5 Rc8 18. Ndb3 O-O 19. Nc5 Be8 20. Ke2 Nd7
21. Rhd1 Nb6 22. Nab3 e5 23. Be3 f5 24. Ne6 Rf6 25. Nxg7 Kxg7 26. Bg5 Rf7 27.
Nc5 Bd7 28. a4 Be8 29. a5 Nd7 30. Ne6+ Kg8 31. Nd8 c5 32. Nxf7 Kxf7 33. Be3 Ke6
34. Rd5 fxe4 35. fxe4 c4 36. Bxa7 Nf6 37. Rc5 Rxc5 38. Bxc5 Nxe4 39. Bb4 Bb5 40.
Ke3 Nf6 41. Kd2 Nd5 42. Bc3 e4 43. Bd4 h5 44. Rb1 Ba6 45. Rb8 c3+ 46. Bxc3 e3+
47. Kc2 Nxc3 48. Kxc3 Kd7 49. Rb6 Bf1 50. Rxg6 e2 51. Kd2 1-0

[Event "AUTO-ELITE-2353"]
[Site "http://www.queenalice.com/game.php?id=1766790"]
[Date "2021.8.12"]
[Round "1"]
[White "Diadoco"]
[Black "pony"]
[Result "0-1"]
[WhiteElo "2292"]
[BlackElo "2374"]

1. e4 e5 2. Nf3 Nc6 3. Bc4 Nf6 4. d3 Bc5 5. c3 d6 6. Bb3 a6 7. Nbd2 Ba7 8. h3
O-O 9. Nf1 Ne7 10. Ng3 Ng6 11. O-O h6 12. d4 Re8 13. Re1 Be6 14. Bc2 b5 15. Be3
Qb8 16. Qd2 Kh7 17. Nf5 Ng8 18. a3 f6 19. Rad1 N6e7 20. Nxe7 Nxe7 21. d5 Bd7 22.
b3 Qc8 23. Bxa7 Rxa7 24. Qe3 Ra8 25. Nh2 f5 26. exf5 Bxf5 27. Be4 Rf8 28. g4
Bxe4 29. Qxe4+ Kg8 30. Rd3 Rf4 31. Qe2 Qe8 32. Red1 Qf7 33. R1d2 Ng6 34. Nf1 Nh4
35. Nh2 Rf6 36. f3 Ng6 37. Re3 Nf4 38. Qf1 Nxd5 39. Red3 Nf4 40. Re3 Qxb3 0-1

[Event "AUTO-ELITE-2353"]
[Site "http://www.queenalice.com/game.php?id=1766795"]
[Date "2021.8.12"]
[Round "1"]
[White "Diadoco"]
[Black "manasses"]
[Result "1-0"]
[WhiteElo "2290"]
[BlackElo "2278"]

1. e4 c5 2. Nf3 Nc6 3. Bb5 a6 4. Bxc6 bxc6 5. O-O d6 6. h3 g6 7. d4 cxd4 8. Qxd4
e5 9. Qd3 Be6 10. c4 Be7 11. Nc3 Nf6 12. Bh6 Bf8 13. Bg5 Bg7 14. Rad1 Ke7 15.
Rd2 Qc7 16. Rfd1 Rad8 17. b3 h6 18. Be3 Rd7 19. Qe2 Ne8 20. Nh4 Bf6 21. Nf3 c5
22. Nd5+ Bxd5 23. Rxd5 Kf8 24. Bxc5 Be7 25. Ba3 Nf6 26. R5d3 Kg7 27. Nxe5 dxe5
28. Rxd7 Nxd7 29. Bxe7 Re8 30. Bb4 Nf6 31. Bc3 Qc6 32. f3 a5 33. Qe3 a4 34. Bd2
g5 35. h4 Nh7 36. hxg5 Nxg5 37. Bc3 f6 38. Qa7+ Kg6 39. Rd7 Rg8 40. Kf2 axb3 41.
axb3 h5 42. Qc7 Nxe4+ 43. fxe4 Qxe4 44. Bd2 Kf5 45. Rg7 Qh4+ 46. Kf1 Rxg7 47.
Qxg7 Ke6 48. Qg8+ Kf5 49. Qc8+ Kg6 50. Qh3 Qd4 51. Qe3 Qg4 52. c5 Qf5+ 53. Ke2
Qg4+ 54. Qf3 Qc8 55. b4 1-0

[Event "AUTO-ELITE-2353"]
[Site "http://www.queenalice.com/game.php?id=1766796"]
[Date "2021.8.12"]
[Round "1"]
[White "manasses"]
[Black "Diadoco"]
[Result "1/2-1/2"]
[WhiteElo "2278"]
[BlackElo "2290"]

1. d4 d5 2. c4 dxc4 3. e3 e5 4. Nf3 exd4 5. Bxc4 Bb4+ 6. Bd2 Bxd2+ 7. Qxd2 Nf6
8. Qxd4 Qxd4 9. Nxd4 a6 10. a4 Nbd7 11. Nc3 Ne5 12. Be2 O-O 13. O-O Bd7 14. Rfd1
Rfe8 15. b4 Rad8 16. b5 axb5 17. Ncxb5 Bxb5 18. Nxb5 Rxd1+ 19. Rxd1 g6 20. Nxc7
Rc8 21. Nb5 Rc2 22. Nd4 Ra2 23. Bb5 Kg7 24. h3 h5 25. Rc1 Ne4 26. Rc2 Rxc2 27.
Nxc2 Nc3 28. Nd4 Nxb5 29. axb5 Kf6 30. f4 Nd3 31. Kf1 Ke7 32. Ke2 Nc5 33. Kf3 f5
34. g4 hxg4+ 35. hxg4 Kf6 36. gxf5 gxf5 37. Ne2 Ne4 38. Nd4 Nc3 39. Kf2 b6 40.
Ke1 Ne4 41. Ke2 Nd6 42. Kd2 Kg6 43. Ke2 Kf6 44. Kd3 Kg6 45. Ke2 1/2-1/2

[Event "AUTO-MASTER-3047"]
[Site "http://www.queenalice.com/game.php?id=1774459"]
[Date "2021.11.10"]
[Round "2"]
[White "Diadoco"]
[Black "tariann"]
[Result "1-0"]
[WhiteElo "2287"]
[BlackElo "2238"]

1. e4 e5 2. Nf3 Nc6 3. Bc4 Bc5 4. c3 Nf6 5. d3 O-O 6. Bb3 h6 7. O-O d6 8. h3 Re8
9. Re1 Bd7 10. Nbd2 Qc8 11. Nf1 Bb6 12. Be3 Ne7 13. Bxb6 axb6 14. Ng3 Ng6 15.
Kh2 Nf4 16. Ng1 Be6 17. Bxe6 Qxe6 18. a3 d5 19. Qf3 Rad8 20. Nf5 dxe4 21. dxe4
Rd3 22. Re3 Red8 23. g3 Rxe3 24. Qxe3 Rd3 25. Qe1 Ng6 26. Qe2 Qd7 27. Nf3 c5 28.
Kg2 c4 29. Re1 Qc7 30. Rd1 Rxd1 31. Qxd1 Nxe4 32. Qd5 Qc6 33. Qxc6 bxc6 34. h4
Nf6 35. Nd6 b5 36. a4 Kf8 37. axb5 cxb5 38. Nxb5 Ne4 39. Na3 Nc5 40. Nxc4 f6 41.
Kf1 Ne7 42. Ke2 Nd5 43. Nfd2 Kf7 44. Ne3 Ke6 45. c4 Nb4 46. f3 h5 47. g4 hxg4
48. fxg4 Ncd3 49. b3 g6 50. Nd5 Nf4+ 51. Nxf4+ exf4 52. h5 g5 53. Kf3 f5 54. h6
Nc6 55. gxf5+ Kxf5 56. h7 Ne5+ 57. Kg2 Nf7 58. c5 Ke5 59. b4 g4 60. c6 Kd6 61.
b5 Kc7 62. Nc4 1-0

[Event "AUTO-MASTER-3047"]
[Site "http://www.queenalice.com/game.php?id=1774460"]
[Date "2021.11.10"]
[Round "2"]
[White "tariann"]
[Black "Diadoco"]
[Result "0-1"]
[WhiteElo "2226"]
[BlackElo "2282"]

1. e4 c5 2. Nf3 d6 3. d4 cxd4 4. Nxd4 Nf6 5. Nc3 a6 6. Be2 e5 7. Nb3 Be6 8. Bg5
Nbd7 9. Qd2 Be7 10. O-O O-O 11. Rfd1 h6 12. Bh4 b5 13. Bf3 Rc8 14. Ne2 Qc7 15.
Rac1 Rfe8 16. Qa5 Qxa5 17. Nxa5 g5 18. Nb7 Rc6 19. Na5 Rc7 0-1

[Event "AUTO-ELITE-2394"]
[Site "http://www.queenalice.com/game.php?id=1782552"]
[Date "2022.2.11"]
[Round "1"]
[White "Diadoco"]
[Black "manasses"]
[Result "1-0"]
[WhiteElo "2298"]
[BlackElo "2317"]

1. e4 c5 2. Nf3 d6 3. d4 cxd4 4. Nxd4 Nc6 5. c4 Nf6 6. Nc3 e6 7. Be3 Be7 8. Be2
O-O 9. O-O a6 10. Rc1 Bd7 11. f3 Rc8 12. b3 Nxd4 13. Qxd4 Bc6 14. Rfd1 Nd7 15.
b4 Ne5 16. a4 Qc7 17. b5 axb5 18. cxb5 Bd7 19. Nd5 Qd8 20. Rxc8 Bxc8 21. Nxe7+
Qxe7 22. Qxd6 Qxd6 23. Rxd6 f5 24. exf5 exf5 25. Bd4 Ng6 26. Bc4+ Kh8 27. g3 f4
28. g4 Ne7 29. Bc5 Ng8 30. Rd4 1-0

[Event "AUTO-ELITE-2394"]
[Site "http://www.queenalice.com/game.php?id=1782553"]
[Date "2022.2.11"]
[Round "1"]
[White "manasses"]
[Black "Diadoco"]
[Result "1/2-1/2"]
[WhiteElo "2298"]
[BlackElo "2311"]

1. d4 d5 2. c4 dxc4 3. Nc3 e5 4. d5 c6 5. e4 Nf6 6. Bxc4 Bb4 7. f3 O-O 8. Be3
Nxd5 9. exd5 Qh4+ 10. Bf2 Qxc4 11. Ne2 cxd5 12. O-O Be6 13. a3 Bc5 14. b4 Bxf2+
15. Rxf2 Nd7 16. Rc1 d4 17. Ne4 Qd5 18. N2g3 Rac8 19. Rfc2 Nb6 20. Rc5 Rxc5 21.
Rxc5 Qa2 22. Rxe5 Rd8 23. Nc5 Qxa3 24. Nxb7 Rd7 25. Nc5 Rd8 26. Nd3 Bc4 27. Qe1
Kf8 28. Nc5 d3 29. Nge4 Qb2 30. Nd2 Qxb4 31. Qe3 Bb5 32. Nce4 Nc4 33. Qg5 Rb8
34. Rxb5 Qxb5 35. Qxb5 Rxb5 36. Nxc4 a5 37. Kf2 a4 38. Ned2 Ke7 39. Ke3 Rd5 40.
Ne4 f5 41. Nc3 f4+ 42. Kd2 Rd4 43. Nb2 a3 44. Nxd3 g5 45. Kc2 Rd8 46. Ne5 Kf6
47. Nc4 Ra8 48. Kb3 a2 49. Nxa2 Rb8+ 50. Kc3 Rb1 51. g4 Rh1 52. Nd2 Rxh2 53. Nb4
h5 54. gxh5 Rxh5 55. Nd3 Rh3 56. Nc5 g4 57. Nce4+ Kf5 58. Nf2 Rxf3+ 59. Nxf3 g3
60. Nh3 Kg4 61. Nhg1 Kf5 1/2-1/2

[Event "AUTO-ELITE-2394"]
[Site "http://www.queenalice.com/game.php?id=1782554"]
[Date "2022.2.11"]
[Round "1"]
[White "Diadoco"]
[Black "Donidon"]
[Result "1-0"]
[WhiteElo "2311"]
[BlackElo "2337"]

1. e4 c5 2. Nf3 Nc6 3. Bb5 d6 4. O-O Nf6 5. Re1 e6 6. c3 Bd7 7. d4 cxd4 8. cxd4
Be7 9. Nc3 O-O 10. h3 a6 11. Bf1 h6 12. Bf4 Qb6 13. Qd2 Nh5 14. Be3 Nf6 15. d5
Qc7 16. dxc6 Bxc6 17. Bd3 e5 18. Rac1 Qa5 19. Nd5 Qd8 20. Nxf6+ Bxf6 21. Bb1 g5
22. Red1 Be7 23. Nh2 h5 24. g3 Kg7 25. Kg2 f5 26. f3 fxe4 27. Bxe4 Bxe4 28. fxe4
b5 29. Nf3 Kg6 30. Rc6 h4 31. Nxe5+ Kh6 32. gxh4 Kh7 33. Qc2 gxh4 34. Ng4 Rc8
35. e5+ 1-0

[Event "AUTO-ELITE-2394"]
[Site "http://www.queenalice.com/game.php?id=1782555"]
[Date "2022.2.11"]
[Round "1"]
[White "Donidon"]
[Black "Diadoco"]
[Result "0-1"]
[WhiteElo "2323"]
[BlackElo "2324"]

1. e4 c5 2. Nf3 d6 3. d4 cxd4 4. Nxd4 Nf6 5. Nc3 a6 6. Bc4 e6 7. Bb3 Be7 8. O-O
O-O 9. Be3 b5 10. a3 Bb7 11. f3 Nbd7 12. Qe1 Nc5 13. Ba2 Qc7 14. Qf2 Rfd8 15.
Rad1 Rab8 16. Qg3 g6 17. Kh1 Bf8 18. Bg5 Bg7 19. Nce2 h6 20. Bxf6 Bxf6 21. c3
Kg7 22. b4 e5 23. Nf5+ Kh7 24. Nxh6 Kxh6 25. bxc5 dxc5 26. Bd5 Kg7 27. f4 Bxd5
28. exd5 exf4 29. Nxf4 Be5 30. Qf3 Bxf4 31. Qxf4 Qxf4 32. Rxf4 Rd6 33. g3 Rbd8
34. c4 bxc4 35. Rxc4 Rxd5 36. Rxd5 Rxd5 37. a4 Rd4 38. Rxc5 Rxa4 39. Kg2 Ra1 40.
Kf2 a5 41. Ke2 a4 42. Kd2 Rh1 43. h4 a3 44. Kc2 a2 0-1

[Event "AUTO-ELITE-2411"]
[Site "http://www.queenalice.com/game.php?id=1789525"]
[Date "2022.5.25"]
[Round "1"]
[White "gizmokaka"]
[Black "Diadoco"]
[Result "1-0"]
[WhiteElo "2339"]
[BlackElo "2310"]

1. d4 d5 2. c4 dxc4 3. e4 e5 4. Nf3 exd4 5. Bxc4 Nc6 6. O-O Be6 7. Bb5 Bc5 8. b4
Bb6 9. a4 a6 10. Bxc6+ bxc6 11. a5 Ba7 12. Bb2 Nf6 13. Bxd4 Nxe4 14. Bxa7 Qxd1
15. Rxd1 Rxa7 16. Ne5 Bd5 17. f3 Nd6 18. Nd3 O-O 19. Nc3 Rb7 20. Nc5 Rxb4 21.
Nxa6 Rb7 22. Nxd5 cxd5 23. Rxd5 f6 24. Rc1 Nb5 25. Nc5 Ra7 26. Nd7 Rf7 27. Nb8
Nd6 28. Nc6 Ra8 29. h4 Kf8 30. Ra1 Ke8 31. a6 Kd7 32. Rc5 Rff8 33. a7 Rfe8 34.
Rac1 Rec8 35. h5 h6 36. Nb8+ Kd8 37. Nc6+ Kd7 38. Kh2 Nb7 39. R5c4 Nd6 40. Rg4
Rg8 41. Kh3 Nc8 42. Rgc4 Nxa7 43. Rd1+ Ke8 44. Re4+ Kf8 45. Ne7 Kf7 46. Nxg8
Rxg8 47. Rd7+ 1-0

[Event "AUTO-ELITE-2411"]
[Site "http://www.queenalice.com/game.php?id=1789526"]
[Date "2022.5.25"]
[Round "1"]
[White "Diadoco"]
[Black "gizmokaka"]
[Result "0-1"]
[WhiteElo "2325"]
[BlackElo "2318"]

1. e4 e5 2. Nf3 Nc6 3. Bc4 Nf6 4. d3 Bc5 5. c3 d6 6. Bb3 a5 7. h3 h6 8. Nbd2 O-O
9. Nf1 Be6 10. Bc2 d5 11. Qe2 Re8 12. Ng3 a4 13. O-O d4 14. Bd2 b5 15. Nh4 a3
16. b3 dxc3 17. Bxc3 Bd4 18. Qe1 Nxe4 19. Nxe4 Qxh4 20. Rd1 Bxh3 21. gxh3 Qxh3
22. Bd2 Re6 23. Be3 f5 24. Nd2 Rg6+ 0-1

[Event "AUTO-ELITE-2411"]
[Site "http://www.queenalice.com/game.php?id=1789533"]
[Date "2022.5.25"]
[Round "1"]
[White "Diadoco"]
[Black "trompmaster"]
[Result "0-1"]
[WhiteElo "2331"]
[BlackElo "2563"]

1. e4 d6 2. d4 Nf6 3. Nc3 e5 4. Nf3 Nbd7 5. Bc4 Be7 6. O-O O-O 7. a4 exd4 8.
Nxd4 Ne5 9. Ba2 Nc6 10. Bf4 Nb4 11. Bb3 a6 12. f3 c5 13. Nde2 Qc7 14. Nd5 Nbxd5
15. Bxd5 Nxd5 16. Qxd5 Be6 17. Qd2 Rfd8 18. Nc3 Bf6 19. Rad1 Qc6 20. Kh1 b5 21.
axb5 axb5 22. Nd5 Bxd5 23. Qxd5 Qxd5 24. Rxd5 Bxb2 25. Bxd6 Bd4 26. c3 Bxc3 27.
Bxc5 Rxd5 28. exd5 b4 29. Rb1 Ra5 30. Be7 f6 31. d6 Kf7 32. h3 Ra1 33. Rg1 Rxg1+
34. Kxg1 b3 0-1

[Event "AUTO-ELITE-2411"]
[Site "http://www.queenalice.com/game.php?id=1789534"]
[Date "2022.5.25"]
[Round "1"]
[White "trompmaster"]
[Black "Diadoco"]
[Result "1-0"]
[WhiteElo "2559"]
[BlackElo "2336"]

1. Nf3 d5 2. d4 c5 3. dxc5 e6 4. e3 Bxc5 5. c4 Nf6 6. a3 O-O 7. Nc3 Nc6 8. b4
Bd6 9. Bb2 a5 10. b5 Ne5 11. Nxe5 Bxe5 12. Rc1 b6 13. f4 Bd6 14. Na4 Bb7 15. Qd4
Bc7 16. cxd5 Bxd5 17. Be2 Rc8 18. O-O Qd6 19. Rfd1 Rfd8 20. g3 Qe7 21. Nxb6 Rb8
22. Nxd5 Rxd5 23. Qa7 Qd6 24. Qxc7 1-0

[Event "AUTO-ELITE-2394"]
[Site "http://www.queenalice.com/game.php?id=1790067"]
[Date "2022.6.3"]
[Round "2"]
[White "Diadoco"]
[Black "Canuma"]
[Result "0-1"]
[WhiteElo "2311"]
[BlackElo "2681"]

1. e4 e5 2. Nf3 Nc6 3. Bc4 Nf6 4. d3 Bc5 5. c3 a6 6. Bb3 O-O 7. O-O d6 8. Nbd2
Ba7 9. h3 h6 10. Re1 Be6 11. Nf1 Re8 12. Ng3 d5 13. Qe2 Rb8 14. a4 dxe4 15. Bxe6
exf3 16. Bxf7+ Kxf7 17. Qxf3 Kg8 18. Be3 Bxe3 19. Rxe3 Nd5 20. Ree1 Qd7 21. Ne4
Rf8 22. Qg3 Qf7 23. Rad1 a5 24. Nc5 b6 25. Ne4 Rbd8 26. f3 Qf5 27. Kh1 Nf4 28.
Re3 Ne7 29. Kh2 Qf7 30. Nf2 Nf5 0-1

[Event "AUTO-ELITE-2394"]
[Site "http://www.queenalice.com/game.php?id=1790068"]
[Date "2022.6.3"]
[Round "2"]
[White "Canuma"]
[Black "Diadoco"]
[Result "1-0"]
[WhiteElo "2680"]
[BlackElo "2312"]

1. e4 c5 2. Nf3 d6 3. d4 cxd4 4. Nxd4 Nf6 5. Nc3 a6 6. f3 e5 7. Nb3 Be6 8. Be3
h5 9. Qd2 Nbd7 10. Nd5 Bxd5 11. exd5 g6 12. Be2 Bg7 13. O-O b6 14. Rad1 O-O 15.
c3 Re8 16. a4 Qc8 17. a5 b5 18. g3 Qb7 19. Kg2 Rac8 20. h3 Kh7 21. g4 Nc5 22.
Nxc5 dxc5 23. c4 b4 24. b3 Qd7 25. g5 Ng8 26. d6 Rc6 27. Qd5 Re6 28. Bxc5 1-0

[Event "AUTO-ELITE-2394"]
[Site "http://www.queenalice.com/game.php?id=1790069"]
[Date "2022.6.3"]
[Round "2"]
[White "Diadoco"]
[Black "Sexxy_Bunny"]
[Result "0-1"]
[WhiteElo "2313"]
[BlackElo "2821"]

1. e4 e5 2. Nf3 Nc6 3. Bc4 Bc5 4. c3 Nf6 5. d3 a6 6. Bb3 Ba7 7. Nbd2 O-O 8. h3
d5 9. Qe2 Re8 10. Nf1 Na5 11. Bc2 Bd7 12. a4 c5 13. Ng3 dxe4 14. dxe4 Be6 15.
Nxe5 Bb8 16. f4 Bxe5 17. fxe5 Nd7 18. Bf4 Qb6 19. O-O Qxb2 20. Rad1 Nc4 21. Rb1
Qxc3 22. Rb3 Qd4+ 23. Kh1 Ncxe5 24. Rxb7 Bc4 25. Bxe5 Nxe5 26. Qe1 Bxf1 27. Qxf1
Rab8 28. Nf5 Qd2 29. Rxb8 Rxb8 30. Bb1 Rb2 31. Ne7+ Kf8 32. Nd5 Qf2 33. Qxf2
Rxf2 34. Kg1 Rb2 0-1

[Event "AUTO-ELITE-2394"]
[Site "http://www.queenalice.com/game.php?id=1790070"]
[Date "2022.6.3"]
[Round "2"]
[White "Sexxy_Bunny"]
[Black "Diadoco"]
[Result "1-0"]
[WhiteElo "2820"]
[BlackElo "2326"]

1. e4 c5 2. Nf3 d6 3. d4 cxd4 4. Nxd4 Nf6 5. Nc3 a6 6. Be3 e5 7. Nb3 Be6 8. f3
h5 9. Qd2 Nbd7 10. O-O-O Rc8 11. Kb1 b5 12. g3 Be7 13. Nd5 Bxd5 14. exd5 Nb6 15.
Bxb6 Qxb6 16. Bh3 Rc4 17. Rhe1 O-O 18. Bf1 Rc7 19. f4 Nd7 20. Bh3 Bf6 21. Bxd7
Rxd7 22. Na5 exf4 23. Nc6 fxg3 24. hxg3 g6 25. g4 hxg4 26. Qf4 Kg7 27. Rh1 g5
28. Qh2 1-0